LEADER 01059nam a2200265 4500 001 000000360994 003 CaOOAMICUS 005 20241203091752.0 008 241203s1996 it 000 u ita r 020 $a88-459-1245-0 040 $aSeMil$bita 100 1 $aColette$b.$0(OLS)http://semarc/name/55798 240 13$aLe pur et l'impur.$0(OLS)http://semarc/title/337627 245 13$aIl puro e l'impuro /$cColette ; traduzione di Adriana Motti. 264 1$aMilano :$bAdelphi,$c1996. 300 $a133 p. ;$c20 cm 490 1 $aGli Adelphi ;$v102 700 1 $aMotti, Adriana.$0(OLS)http://semarc/name/56940 830 4$aGli Adelphi ;$v102.$0(OLS)http://semarc/title/7075 850 $aSeMil 852 $aSeMil$W1$xVenegono$y1$m1W I 688$j252728$B251975$CSeMilBibl$Z2$F251975 $81 996 $6020$a88-459-1245-0$9(OLS)http://semarc/number/301968 996 $6245$aIl puro e l'impuro$9(OLS)http://semarc/title/158683 996 $6264$aMilano :$bAdelphi$9(OLS)http://semarc/publisher/30018 LEADER 01313nam a2200289 i 4500 001 000000072299 003 CaOOAMICUS 005 20200715122033.0 008 140904s1999 it u000 u ita u 013 $a43471 020 $a88-209-2402-1 040 $aSeMil$bita 100 1 $aAttridge, Harold W.,$d<1946- >.$0(OLS)http://semarc/name/90911 240 14$aThe Epistle to the Hebreus.$0(OLS)http://semarc/title/116505 245 13$aLa lettera agli Ebrei :$bcommento storico esegetico /$cHarold W. Attridge. 260 $aCittą del Vaticano :$bLibreria Editrice Vaticana,$ccopyr. 1999. 300 $a722 p. ;$c24 cm. 500 $aContiene : Bibliografia. 650 4$aBibbia. Nuovo testamento. Lettera agli Ebrei - Commentari, studi, critica, interpretazioni.$0(OLS)http://semarc/subject/43 830 0$aLetture bibliche ;$v12.$0(OLS)http://semarc/title/6127 850 $aSeMil 852 $aSeMil$W1$xVenegono$y1$m2Z V 98$j38452$B38452$CSeMilBibl$Z2$F38455 $81 961 $aAcquisto: Casa editrice 996 $6020$a88-209-2402-1$9(OLS)http://semarc/number/51590 996 $6245$aLa lettera agli Ebrei :$bcommento storico esegetico$9(OLS)http://semarc/title/402753 996 $6260$aCittą del Vaticano :$bLibreria Editrice Vaticana$9(OLS)http://semarc/publisher/29734